| 000 | 01258nam a2200265Ia 4500 | ||
|---|---|---|---|
| 999 |
_c56569 _d56569 |
||
| 001 | 23683 | ||
| 003 | GE_BSU | ||
| 005 | 20250213170235.0 | ||
| 008 | 181216s2008||||ge |||||||||||||| ||geo|| | ||
| 020 | _a978994052875 | ||
| 040 | _cGE_BSU | ||
| 041 | _ageo | ||
| 080 | _a502.1(042.4)+574(042.4) თ-86 | ||
| 100 |
_aთურქაძე, ც. _923312 |
||
| 245 |
_aგარემოს დაცვა და ბუნებათსარგებლობის ეკოლოგია. ნაწ. 2 / _cც. თურქაძე, ბ. ბუცხრიკიძე; აკ. წერეთლის სახელმწ. უნ-ტი. |
||
| 264 |
_aქუთაისი : _bაკ. წერეთლის უნ-ტის გამ-ბა, _c2008. |
||
| 300 |
_a188 გვ. ; _b20 სმ. |
||
| 500 | _a დანართები: გვ. 176-185. | ||
| 504 | _aბიბლიოგრაფია: გვ. 186-188. | ||
| 653 | _aგარემოს დაცვა | ||
| 653 | _aეკოლოგია | ||
| 700 |
_aბუცხრიკიძე, ბ. _eავტორი _923313 |
||
| 710 |
_aაკ. წერეთლის სახელმწიფო უნივერსიტეტი. _924360 |
||
| 942 |
_cBK _2udc |
||